Políticas de ajuste: financiamiento en América Latina

sin resumen

Guardat en:
Dades bibliogràfiques
Format: Desconegut
Idioma:Spanish
Publicat: Caracas: Editorial Nueva Sociedad, 1987
Matèries:
Etiquetes: Afegir etiqueta
Sense etiquetes, Sigues el primer a etiquetar aquest registre!

MARC

LEADER 00000 a2200000 04500
003 cru IIS
005 20220215113530.0
008 220215b1987 ve |||||r|||| 00| ||spa d
040 |c cru IIS 
090 |a 10646.00  
245 |a Políticas de ajuste:   |b financiamiento en América Latina  
260 |a Caracas:   |b Editorial Nueva Sociedad,  |c 1987 
300 |a 284 páginas 
520 |a sin resumen  
650 0 |9 3680  |a POLITICA DE AJUSTE  
651 0 |9 17  |a AMERICA LATINA 
942 |2 ddc  |c LI 
999 |c 44091  |d 44091